| 000 | 02485nam a2200253Ia 4500 | ||
|---|---|---|---|
| 999 |
_c55369 _d55369 |
||
| 001 | 22447 | ||
| 003 | GE_BSU | ||
| 005 | 20250220162346.0 | ||
| 008 | 181216s2016||||ge |||||||||||||| ||geo|| | ||
| 020 | _a9789941091544 | ||
| 040 | _cGE_BSU | ||
| 041 | _ageo | ||
| 080 | _a314(479.22)+271.222(479.22) ს-32 | ||
| 245 |
_aსაქართველოში მართლმადიდებელ მორწმუნეთა დამოკიდებულება სოციალურ-დემოგრაფიული ქცევისა და ოჯახის პრობლემებისადმი / _cილიას სახელმწიფო უნივერსიტეტის დემოგრაფიისა და სოციოლოგიის ინსტიტუტი, თბილისის სასულიერო აკადემია; რედაქტორები: გიორგი წულაძე, ბესარიონ ცინცაძე. |
||
| 264 |
_aთბილისი : _bთბილისის სასულიერო აკადემიისა და სემინარიის გამ-ბა, _c2016. |
||
| 300 |
_a128 გვ. : _bცხრ. ; _c20 სმ. |
||
| 653 | _aრელიგიური დემოგრაფიული პოლიტიკა საქართველოში. რეპროდუქციული ქცევა. | ||
| 653 | _aსაქართველოში მართლმადიდებელ მორწმუნეთა დამოკიდებულება სოციალურ-დემოგრაფიული ქცევისა და ოჯახის პრობლემებისადმი | ||
| 653 | _aსოციალური ქცევა. დემოგრაფიული ქცევა. საქართველოს დემოგრაფია. | ||
| 700 |
_aწულაძე, გიორგი _eრედაქტორი _94394 |
||
| 700 |
_aცინცაძე, ბესარიონ _eრედაქტორი _924405 |
||
| 710 |
_aილიას სახელმწიფო უნივერსიტეტი. დემოგრაფიისა და სოციოლოგიის ინსტიტუტი. _bთბილისის სასულიერო აკადემია _924406 |
||
| 942 |
_cBK _2udc |
||